Friday Night Dinner Characters - Statistics

General Stats
  • This quiz has been taken 427 times
  • The average score is 12 of 15
Answer Stats
Hint Answer % Correct
The Surname of the main family Goodman
95%
The mother who makes crimble crumble Jackie
95%
The father who is always too hot for a shirt Martin
95%
Jim first dog Wilson
95%
The eldest son who won an ear Adam
94%
What day does the family always have dinner Friday
93%
Jacquie's best friend Val
92%
The youngest son who had a house as a car Johnny
91%
Jim's second dog Milson
88%
The man who hates punk rock Mr Morris
78%
Jacquie's mother Nellie
68%
The sarcastic blind piano tuner Mr Greencock
65%
Adam surprise date who works for Coca-Cola Tanya Green
60%
Their strange neighbour Jim Bell
54%
Jim's brothers cat Watson
46%
No matching quizzes found
Score Distribution
Percent of People with Each Score
Percentile by Number Answered
Your Score History
You have not taken this quiz